000
00379 a2200169 4500
260
_a
Paris
260
_b
Masson
250
_a
5 ème éd.
245
_a
Manuel de diététique en pratique médicale courante
100
_a
Creff, A. F.
260
_c
2004
300
_a
299 p.
035
_a
9629
999
_c
18766
_d
18766